000 00737nam a2200229 u 4500
005 20210223131622.0
008 111110s2000 es r 000 0 spa d
020 _a8483163268
035 _aUPN01000182488
049 _aI
050 4 _aPN3159 E5
_bI7.2
100 1 _aIturbide, Montxo
_932014
245 1 0 _aAgencia de viajes un tanto espacial /
_cMontxo Iturbide.
260 _aMadrid :
_bCCS,
_cc2000.
300 _a72 p.
440 0 _aEscena y fiesta ;
_v24
501 _aCon: El misterio de la desaparición de la música -- Regimún y Blanditierra
650 4 _aTEATRO ESCOLAR E INFANTIL ESPAÑOL
_913103
740 3 _aEl misterio de la desaparición de la música
740 0 _aRegimún y Blanditierra
905 _aInfantil
999 _c154591
_d154591